02922nam a22004337a 450000500170000000800410001702000260005802000230008402000320010704000280013905000100016710000300017724501500020725000190035726401080037626400110048430000590049533600260055433700280058033800270060849000200063550000200065550505000067552008440117563000120201963000380203165000410206965000260211065000390213665000330217565000310220865000240223965000520226365000670231565000160238265000310239865000240242977600350245320240624090553.0240624b |||||||| |||| 00| 0 eng d a9780128154793q(pbk.) a0128154799q(pbk.) z9780128163450q(ePub ebook) aYDXbengcYDXerdadKMU00aQA2971 aAttaway, Stormy,eauthor.10aMATLAB :ba practical introduction to programming and problem solving /cStormy Attaway, Department of Mechanical Engineering, Boston University. aFifth edition. 1aOxford, United Kingdom ;aCambridge, MA, United States :bElsevier, B/H, Butterworth-Heinemann,c[2019] 4c©2019 axxii, 604 pages :billustrations (some color) ;c24 cm atextbtxt2rdacontent aunmediatedbn2rdamedia avolumebnc2rdacarrier0 aMATLAB examples aIncludes index.0 aPart 1: Introduction to programming using MATLAB -- Introduction to MATLAB -- Vectors and matrices -- Introduction To MATLAB programming -- Selection statements -- Loop statements and vectorizing code -- MATLAB programs -- Text manipulation -- Data structures -- Part 2: Advanced topics for problem solving with MATLAB -- Data transfer -- Advanced functions -- Introduction to object-oriented programming and graphics -- Advanced plotting techniques -- Sights and sounds -- Advanced mathematics. aMATLAB: A Practical Introduction to Programming and Problem Solving, winner of TAA's 2017 Textbook Excellence Award ("Texty"), guides the reader through both programming and built-in functions to easily exploit MATLAB's extensive capabilities for tackling engineering and scientific problems. Assuming no knowledge of programming, this book starts with programming concepts, such as variables, assignments, and selection statements, moves on to loops, and then solves problems using both the programming concept and the power of MATLAB. The fifth edition has been updated to reflect the functionality of the current version of MATLAB (R2018a), including the addition of local functions in scripts, the new string type, coverage of recently introduced functions to import data from web sites, and updates to the Live Editor and App Designer00aMATLAB.07aMATLAB.2fast0(OCoLC)fst01365096 0aNumerical analysisxData processing. 0aComputer programming. 6aAnalyse numériquexInformatique. 6aProgrammation (Informatique) 7acomputer programming.2aat 7aMathematics.2eflch 7aComputer programming.2fast0(OCoLC)fst00872390 7aNumerical analysisxData processing.2fast0(OCoLC)fst01041279 7aMATLAB2gnd 7aNumerische Mathematik2gnd 7aMathematics.2ukslc08iEbook version :z9780128163450